Historia de la música occidental /

Guardado en:
Autor Principal: Grout, Donald Jay
Formato: Libro
Publicado: España : Alianza, 1984
Series:Alianza m£sica, 151
Etiquetas: Agregar Etiqueta
Sin Etiquetas, Sea el primero en etiquetar este registro!
LEADER 00457nam a22001575a 4500
001 CEM.cems003036
005 19000101000000.0
008 130507s1984##################000#0#####d
003 CEMS
082 0 4 |a 780.9 
100 1 |a Grout, Donald Jay 
245 1 0 |a Historia de la música occidental /  |c Donald Jay Grout 
260 |a España :  |b Alianza,  |c 1984 
300 |a 429 p. 
490 0 |a Alianza m£sica, 151 
859 |a CEMS  |b BIB. CEMS - 11 de abril  |h 780.9  |i G918/1  |p 14551.87  |t Ej.1